000 00406nam a2200145 a 4500
005 20140414093849.0
008 110817s19uu xx uuu eng d
020 _a9780521739894
050 _aDVD 428
_bIEP 2011
245 _aEnglish unlimited :
_bB1+ intermediate e-portfolio.
260 _aUnited Kingdom :
_bCambridge University Press,
_c2011.
650 _aEnglish
942 _cAVM
999 _c109786
_d109786